[Event "XtraCon-Skakligaen"]
[Site "Denmark"]
[Date "2008.11.02"]
[Round "2.2"]
[White "Semcesen, Daniel"]
[Black "Berg, Emanuel"]
[Result "1/2-1/2"]
[WhiteElo "2402"]
[BlackElo "2623"]
[PlyCount "54"]
[EventDate "2008.11.01"]
[EventType "team-tourn"]
[EventRounds "9"]
[EventCountry "DEN"]
[WhiteTeam "K41"]
[BlackTeam "Helsinge"]
[WhiteTeamCountry "DEN"]
[BlackTeamCountry "DEN"]

1. Nf3 f5 2. d3 Nc6 3. e4 e5 4. Nc3 Nf6 5. Bg5 Bb4 6. exf5 d5 7. d4 exd4 8.
Nxd4 Qe7+ 9. Be2 O-O 10. Nxc6 bxc6 11. O-O Bxf5 12. Bd3 Qd7 13. Ne2 Bd6 14. Bf4
Rab8 15. b3 Ne4 16. Bxd6 cxd6 17. Ng3 Bg4 18. f3 Nxg3 19. hxg3 Be6 20. Qd2 d4
21. Rae1 c5 22. Re2 Rfe8 23. Rfe1 Bf7 24. Qf4 g6 25. a4 Rxe2 26. Rxe2 Kg7 27.
g4 Rf8 1/2-1/2

[Event "XtraCon-Skakligaen"]
[Site "Denmark"]
[Date "2008.11.02"]
[Round "2.3"]
[White "Cmilyte, Viktorija"]
[Black "Smith, Axel"]
[Result "1-0"]
[WhiteElo "2512"]
[BlackElo "2391"]
[PlyCount "101"]
[EventDate "2008.11.01"]
[EventType "team-tourn"]
[EventRounds "9"]
[EventCountry "DEN"]
[WhiteTeam "Helsinge"]
[BlackTeam "K41"]
[WhiteTeamCountry "DEN"]
[BlackTeamCountry "DEN"]

1. d4 Nf6 2. c4 g6 3. g3 c6 4. Bg2 d5 5. Nf3 Bg7 6. cxd5 cxd5 7. Nc3 O-O 8. O-O
e6 9. Ne5 Nfd7 10. f4 Nc6 11. Nxc6 bxc6 12. Be3 Rb8 13. Qd2 Nb6 14. b3 Qe7 15.
Bf2 f5 16. Rac1 Bd7 17. Nd1 Rfc8 18. Nb2 Ra8 19. Qa5 Bf8 20. Rc5 Be8 21. Rfc1
Qb7 22. Nd3 Bxc5 23. dxc5 Nd7 24. Bd4 Bf7 25. Qc3 e5 26. Nxe5 Nxe5 27. Bxe5 Re8
28. Bh8 Be6 29. e3 a5 30. a3 h6 31. Be5 Kh7 32. Rb1 Ra7 33. Qd2 Qe7 34. Qc3
Rea8 35. Bf1 Bc8 36. Bd3 h5 37. Kf2 Kg8 38. Bf6 Qe6 39. h3 Ba6 40. Bc2 Rf8 41.
Bd4 Bc8 42. Qd2 Qe7 43. Rg1 Kh7 44. Ke1 Be6 45. Kd1 Rb8 46. g4 Qh4 47. gxf5
gxf5 48. Qg2 Rg8 49. Qxg8+ Bxg8 50. Bxf5+ Kh6 51. Rg6+ 1-0

[Event "XtraCon-Skakligaen"]
[Site "Denmark"]
[Date "2008.11.02"]
[Round "2.4"]
[White "Greger, Roland Reinhard"]
[Black "Glud, Jakob Vang"]
[Result "0-1"]
[WhiteElo "2385"]
[BlackElo "2444"]
[PlyCount "138"]
[EventDate "2008.11.01"]
[EventType "team-tourn"]
[EventRounds "9"]
[EventCountry "DEN"]
[WhiteTeam "K41"]
[BlackTeam "Helsinge"]
[WhiteTeamCountry "DEN"]
[BlackTeamCountry "DEN"]

1. e4 e5 2. Nf3 Nc6 3. d4 exd4 4. Nxd4 Bb4+ 5. c3 Bc5 6. Be3 Bb6 7. Bc4 Nge7 8.
O-O O-O 9. Nd2 d5 10. exd5 Ne5 11. Qh5 Nxc4 12. Nxc4 Qxd5 13. Qxd5 Nxd5 14.
Nxb6 axb6 15. Rfe1 c5 16. Nf3 Nxe3 17. Rxe3 Be6 18. a3 Rfd8 19. Kf1 Rd5 20. Ke1
Rad8 21. h3 h6 22. Rc1 g5 23. c4 R5d6 24. b4 Rd3 25. Ke2 Rxe3+ 26. Kxe3 Ra8 27.
Rc3 cxb4 28. axb4 Ra4 29. Nd4 Rxb4 30. Nxe6 fxe6 31. Rc2 Kf7 32. Kd3 b5 33.
cxb5 Rxb5 34. Rc7+ Kg6 35. Re7 Rb6 36. Ke4 h5 37. Ke5 Rb5+ 38. Kd6 Rd5+ 39.
Kxe6 Rd2 40. Rxb7 Rxf2 41. Ke5 Re2+ 42. Kd4 Rxg2 43. Ke4 Rf2 44. Rb6+ Rf6 45.
Rb8 Rf4+ 46. Ke3 Rh4 47. Rb6+ Kf5 48. Rb5+ Kf6 49. Rb6+ Ke7 50. Rb7+ Kd6 51.
Rb6+ Kc5 52. Rg6 Rxh3+ 53. Kf2 g4 54. Rg5+ Kd4 55. Kg2 Ke4 56. Ra5 Kf4 57. Rb5
Rg3+ 58. Kh2 Ra3 59. Rxh5 Ra2+ 60. Kg1 Kg3 61. Kf1 Ra1+ 62. Ke2 Kg2 63. Rh4 g3
64. Rh8 Ra7 65. Rf8 Re7+ 66. Kd2 Kg1 67. Rf5 g2 68. Kd1 Re4 69. Kd2 Kh2 0-1

[Event "XtraCon-Skakligaen"]
[Site "Denmark"]
[Date "2008.11.02"]
[Round "2.5"]
[White "Hutters, Tomas"]
[Black "Olesen, Martin"]
[Result "1-0"]
[WhiteElo "2413"]
[BlackElo "2312"]
[PlyCount "41"]
[EventDate "2008.11.01"]
[EventType "team-tourn"]
[EventRounds "9"]
[EventCountry "DEN"]
[WhiteTeam "Helsinge"]
[BlackTeam "K41"]
[WhiteTeamCountry "DEN"]
[BlackTeamCountry "DEN"]

1. d4 d5 2. c4 Nc6 3. Nf3 Bg4 4. Nc3 e6 5. cxd5 exd5 6. Bf4 Bd6 7. Qd2 Nge7 8.
O-O-O Qd7 9. Bxd6 Qxd6 10. e3 Bxf3 11. gxf3 O-O-O 12. Kb1 Kb8 13. f4 Nf5 14.
Rc1 h6 15. Bd3 Qf6 16. Na4 Nce7 17. Nc5 g5 18. fxg5 hxg5 19. Qb4 Qb6 20. Qa4
Qd6 21. Qb5 1-0

[Event "XtraCon-Skakligaen"]
[Site "Denmark"]
[Date "2008.11.02"]
[Round "2.7"]
[White "Fries Nielsen, Niels Jorgen"]
[Black "Clausen, Steen"]
[Result "1/2-1/2"]
[WhiteElo "2393"]
[BlackElo "2224"]
[PlyCount "29"]
[EventDate "2008.11.01"]
[EventType "team-tourn"]
[EventRounds "9"]
[EventCountry "DEN"]
[WhiteTeam "Helsinge"]
[BlackTeam "K41"]
[WhiteTeamCountry "DEN"]
[BlackTeamCountry "DEN"]

1. b3 d5 2. Bb2 Bf5 3. e3 e6 4. Nf3 Nf6 5. Nh4 Bg4 6. Be2 Bxe2 7. Qxe2 Nbd7 8.
f4 g6 9. O-O Bg7 10. d3 O-O 11. Nd2 Qe7 12. Nhf3 Rfe8 13. Kh1 Rad8 14. Ne5 Nxe5
15. Bxe5 1/2-1/2

[Event "XtraCon-Skakligaen"]
[Site "Denmark"]
[Date "2008.11.02"]
[Round "2.8"]
[White "Laursen, Niels Norskov"]
[Black "Bekker Jensen, David"]
[Result "0-1"]
[WhiteElo "2188"]
[BlackElo "2310"]
[PlyCount "96"]
[EventDate "2008.11.01"]
[EventType "team-tourn"]
[EventRounds "9"]
[EventCountry "DEN"]
[WhiteTeam "K41"]
[BlackTeam "Helsinge"]
[WhiteTeamCountry "DEN"]
[BlackTeamCountry "DEN"]

1. c4 Nf6 2. g3 g6 3. Bg2 Bg7 4. Nc3 O-O 5. d3 d6 6. Bg5 h6 7. Bd2 Nc6 8. Rb1
a5 9. a3 Be6 10. Nh3 Nh5 11. f4 Nf6 12. Nd5 Ng4 13. e3 Nb8 14. Qb3 Ra7 15. O-O
c6 16. Nc3 b5 17. Qd1 bxc4 18. dxc4 Qd7 19. Qe2 Na6 20. b4 axb4 21. axb4 c5 22.
b5 Nb4 23. Nf2 Nxf2 24. Rxf2 Bf5 25. e4 Bg4 26. Bf3 Bh3 27. Nd5 Nxd5 28. exd5
Bf5 29. Re1 Ra3 30. Bc1 Rc3 31. Bb2 Rc2 32. Qxc2 Bxc2 33. Bxg7 Kxg7 34. Rxc2
Qa7 35. Ree2 Ra8 36. Rb2 Qa3 37. Kg2 Kf6 38. Bg4 Ra4 39. Bd7 Rxc4 40. Bc6 Rb4
41. Ra2 Qd3 42. Rad2 Qb1 43. Ra2 c4 44. Rac2 Qa1 45. Ra2 Qd4 46. Rad2 Qc5 47.
Rc2 c3 48. Kh3 Qd4 0-1

[Event "XtraCon-Skakligaen"]
[Site "Denmark"]
[Date "2008.11.02"]
[Round "2.1"]
[White "Rasmussen, Karsten"]
[Black "Hector, Jonny"]
[Result "0-1"]
[WhiteElo "2466"]
[BlackElo "2552"]
[PlyCount "62"]
[EventDate "2008.11.01"]
[EventType "team-tourn"]
[EventRounds "9"]
[EventCountry "DEN"]
[WhiteTeam "Aarhus/Skolerne"]
[BlackTeam "Nordkalotten"]
[WhiteTeamCountry "DEN"]
[BlackTeamCountry "DEN"]

1. d4 d5 2. c4 c6 3. Nf3 Nf6 4. e3 Bf5 5. Nc3 e6 6. Nh4 Be4 7. f3 Bg6 8. Qb3
Qb6 9. Nxg6 hxg6 10. Bd2 Nbd7 11. g3 Be7 12. Kf2 g5 13. Qxb6 axb6 14. cxd5 exd5
15. Bd3 b5 16. a4 b4 17. Ne2 g4 18. b3 g5 19. Bf5 gxf3 20. Kxf3 c5 21. dxc5 g4+
22. Kg2 Bxc5 23. Rac1 b6 24. h3 gxh3+ 25. Rxh3 Rxh3 26. Kxh3 Ke7 27. Nf4 Ne5
28. Kg2 Kd6 29. Rh1 b5 30. axb5 Ra2 31. Rd1 Bxe3 0-1

[Event "XtraCon-Skakligaen"]
[Site "Denmark"]
[Date "2008.11.02"]
[Round "2.2"]
[White "Brynell, Stellan"]
[Black "Sorensen, Jan"]
[Result "1/2-1/2"]
[WhiteElo "2447"]
[BlackElo "2439"]
[PlyCount "41"]
[EventDate "2008.11.01"]
[EventType "team-tourn"]
[EventRounds "9"]
[EventCountry "DEN"]
[WhiteTeam "Nordkalotten"]
[BlackTeam "Aarhus/Skolerne"]
[WhiteTeamCountry "DEN"]
[BlackTeamCountry "DEN"]

1. d4 Nf6 2. Nf3 c5 3. d5 b5 4. Bg5 Qb6 5. Bxf6 Qxf6 6. c3 d6 7. e4 a6 8. a4 b4
9. a5 Nd7 10. Bd3 g5 11. O-O Bg7 12. Nfd2 Ne5 13. Nc4 Nxc4 14. Bxc4 O-O 15. Qd3
Qe5 16. Ra2 f5 17. exf5 Bxf5 18. Qd2 Qe4 19. Be2 g4 20. Re1 bxc3 21. bxc3
1/2-1/2

[Event "XtraCon-Skakligaen"]
[Site "Denmark"]
[Date "2008.11.02"]
[Round "2.3"]
[White "Skytte, Rasmus"]
[Black "Jakobsen, Peter"]
[Result "1-0"]
[WhiteElo "2384"]
[BlackElo "2219"]
[PlyCount "107"]
[EventDate "2008.11.01"]
[EventType "team-tourn"]
[EventRounds "9"]
[EventCountry "DEN"]
[WhiteTeam "Aarhus/Skolerne"]
[BlackTeam "Nordkalotten"]
[WhiteTeamCountry "DEN"]
[BlackTeamCountry "DEN"]

1. e4 c5 2. b3 Nc6 3. Bb2 e5 4. Bc4 d6 5. Ne2 Nf6 6. d3 g6 7. O-O Bg7 8. Nbc3
O-O 9. Nd5 Nxd5 10. Bxd5 Be6 11. Bxc6 bxc6 12. f4 f6 13. f5 Bf7 14. Ng3 Bh6 15.
Qf3 Be8 16. h4 Bd7 17. Rae1 Qe7 18. Rf2 Rf7 19. Bc1 Bxc1 20. Rxc1 gxf5 21. Nxf5
Bxf5 22. Qxf5 Raf8 23. Rcf1 Kh8 24. Rf3 d5 25. c4 Qd6 26. Rg3 dxe4 27. dxe4 Qd2
28. Rf2 Qd4 29. Kh2 a5 30. a4 Qd7 31. Qh5 Qd4 32. Qf5 Qd7 33. Qh5 Qd4 34. Re2
Qd7 35. Ree3 Qe7 36. Ref3 Rd8 37. Rg4 Rg7 38. Rxg7 Qxg7 39. Qf5 Rd6 40. Qc8+
Qg8 41. Qc7 Qf8 42. Rg3 Rd4 43. Re3 Qd8 44. Qxc6 f5 45. Rh3 Rxe4 46. Qxc5 f4
47. Qc6 Re1 48. Qh6 Kg8 49. Qe6+ Kh8 50. Qf5 Re2 51. Rd3 Qxh4+ 52. Rh3 Qe7 53.
Qc8+ Kg7 54. Qg4+ 1-0

[Event "XtraCon-Skakligaen"]
[Site "Denmark"]
[Date "2008.11.02"]
[Round "2.4"]
[White "Nielsen, Lars Aaes"]
[Black "Rasmussen, Casper Dahl"]
[Result "0-1"]
[WhiteElo "2178"]
[BlackElo "2382"]
[PlyCount "100"]
[EventDate "2008.11.01"]
[EventType "team-tourn"]
[EventRounds "9"]
[EventCountry "DEN"]
[WhiteTeam "Nordkalotten"]
[BlackTeam "Aarhus/Skolerne"]
[WhiteTeamCountry "DEN"]
[BlackTeamCountry "DEN"]

1. e4 e5 2. Nf3 Nf6 3. Nxe5 d6 4. Nf3 Nxe4 5. Qe2 Qe7 6. d3 Nf6 7. Bg5 Nbd7 8.
Nc3 h6 9. Bf4 g6 10. O-O-O Qxe2 11. Bxe2 Bg7 12. h3 O-O 13. d4 a6 14. Nd2 b5
15. Bf3 Rb8 16. Nb3 Nb6 17. Na5 b4 18. Ne2 Nbd5 19. Bd2 Rb5 20. Nc4 Be6 21. a4
bxa3 22. Nxa3 Rbb8 23. g4 Rfc8 24. Nc4 Nb4 25. Ne3 Nfd5 26. Nxd5 Nxd5 27. Nf4
Nxf4 28. Bxf4 Rb5 29. c3 g5 30. d5 gxf4 31. dxe6 fxe6 32. Bc6 Rb6 33. Bd7 Rcb8
34. Bxe6+ Kf8 35. b3 Bxc3 36. h4 Ke7 37. Bc4 c6 38. Kc2 Be5 39. Rhe1 a5 40. Ra1
Ra8 41. g5 Rb4 42. gxh6 Kf6 43. Rad1 d5 44. Bxd5 cxd5 45. Rxd5 Rc8+ 46. Kd1 Bc3
47. Rd6+ Kf5 48. Rg1 Rxb3 49. Rg5+ Ke4 50. Re6+ Kd3 0-1

[Event "XtraCon-Skakligaen"]
[Site "Denmark"]
[Date "2008.11.02"]
[Round "2.5"]
[White "Christensen, Tobias"]
[Black "Kristensen, Kaare Hove"]
[Result "1-0"]
[WhiteElo "2347"]
[BlackElo "2215"]
[PlyCount "101"]
[EventDate "2008.11.01"]
[EventType "team-tourn"]
[EventRounds "9"]
[EventCountry "DEN"]
[WhiteTeam "Aarhus/Skolerne"]
[BlackTeam "Nordkalotten"]
[WhiteTeamCountry "DEN"]
[BlackTeamCountry "DEN"]

1. e4 c5 2. Nf3 d6 3. Nc3 Nf6 4. d3 Nc6 5. Be3 e5 6. g3 Be7 7. Bg2 O-O 8. O-O
h6 9. Qd2 Be6 10. Nh4 Nd4 11. Nd5 Nxd5 12. exd5 Bg4 13. Bxd4 cxd4 14. h3 Bd7
15. Nf3 Rc8 16. c3 dxc3 17. bxc3 Rc5 18. Rab1 Qc7 19. d4 exd4 20. cxd4 Rc4 21.
Qe2 Bf6 22. Rxb7 Qxb7 23. Qxc4 Rc8 24. Qb3 Qxb3 25. axb3 Rc3 26. Ra1 Bxh3 27.
Rxa7 Bxg2 28. Kxg2 Rxb3 29. Ra8+ Kh7 30. Ra6 Be7 31. Ra7 Bf6 32. Ra6 Be7 33.
Ra7 Bf6 34. Rd7 Rb6 35. Nd2 Bxd4 36. Nc4 Rb5 37. Rxd6 Rc5 38. Ne3 Bxe3 39. fxe3
f6 40. e4 Kg6 41. e5 Kf7 42. e6+ Ke8 43. Rd7 f5 44. Kf3 g5 45. Ke3 Rc4 46. Rf7
Re4+ 47. Kd3 h5 48. Rxf5 Rg4 49. d6 Rxg3+ 50. Kd4 Rg1 51. Ra5 1-0

[Event "XtraCon-Skakligaen"]
[Site "Denmark"]
[Date "2008.11.02"]
[Round "2.6"]
[White "Hove, Esben Kjems"]
[Black "Jacobsen, Bo"]
[Result "1-0"]
[WhiteElo "2285"]
[BlackElo "2315"]
[PlyCount "81"]
[EventDate "2008.11.01"]
[EventType "team-tourn"]
[EventRounds "9"]
[EventCountry "DEN"]
[WhiteTeam "Nordkalotten"]
[BlackTeam "Aarhus/Skolerne"]
[WhiteTeamCountry "DEN"]
[BlackTeamCountry "DEN"]

1. d4 Nf6 2. Nf3 d6 3. Bg5 Nbd7 4. e3 e5 5. c4 h6 6. Bh4 Be7 7. Nc3 O-O 8. Qc2
exd4 9. Nxd4 d5 10. Nf5 Bb4 11. a3 Bxc3+ 12. Qxc3 Kh7 13. cxd5 g6 14. Bb5 gxf5
15. Bxd7 Qxd7 16. Bxf6 Qxd5 17. O-O Rg8 18. f3 Be6 19. Rad1 Qb5 20. Rf2 Rg6 21.
Bd4 c6 22. Qc5 Qb3 23. Rc1 b6 24. Qe5 c5 25. Bc3 f6 26. Qd6 Rag8 27. Qd1 Qb5
28. Qc2 Rd8 29. Rd2 Bb3 30. Rxd8 Bxc2 31. Rxc2 Rg8 32. Rd6 Qc4 33. Rcd2 Rf8 34.
Kf2 Kg6 35. Rc6 b5 36. Rdd6 b4 37. axb4 Qh4+ 38. Kf1 cxb4 39. Bxf6 Rxf6 40.
Rxf6+ Kg7 41. Rxh6 1-0

[Event "XtraCon-Skakligaen"]
[Site "Denmark"]
[Date "2008.11.02"]
[Round "2.7"]
[White "Pedersen, Finn"]
[Black "Koch, Soren Andreas"]
[Result "1/2-1/2"]
[WhiteElo "2312"]
[BlackElo "2178"]
[PlyCount "125"]
[EventDate "2008.11.01"]
[EventType "team-tourn"]
[EventRounds "9"]
[EventCountry "DEN"]
[WhiteTeam "Aarhus/Skolerne"]
[BlackTeam "Nordkalotten"]
[WhiteTeamCountry "DEN"]
[BlackTeamCountry "DEN"]

1. g3 Nf6 2. Bg2 e5 3. c4 Nc6 4. Nc3 Bb4 5. Nd5 Be7 6. e3 d6 7. Ne2 Nxd5 8.
cxd5 Nb8 9. d4 O-O 10. dxe5 dxe5 11. O-O c6 12. Nc3 Bb4 13. Qb3 Qa5 14. Bd2
cxd5 15. a3 Bxc3 16. Bxc3 Qc7 17. Bxd5 Nc6 18. Rac1 Re8 19. Bg2 Be6 20. Qb5 f6
21. b4 Qf7 22. Bb2 Rad8 23. Qc5 Bd5 24. e4 Bb3 25. Rfe1 Nd4 26. Re3 b6 27. Qc3
Be6 28. Qe1 Qd7 29. Bxd4 Qxd4 30. Rec3 Rc8 31. h4 Rxc3 32. Rxc3 Rc8 33. Rxc8+
Bxc8 34. Qc1 Be6 35. Qc6 Qd7 36. Qa8+ Kf7 37. Bf3 Kg6 38. Be2 Kf7 39. Bh5+ g6
40. Be2 Kg7 41. b5 Qe7 42. a4 Bb3 43. Qc8 Qf7 44. g4 Bxa4 45. Bc4 Qe7 46. Qg8+
Kh6 47. Bf7 Bd1 48. Bxg6 Bxg4 49. Bxh7 Qg7 50. Qxg7+ Kxg7 51. Bf5 Be2 52. Bd7
a5 53. bxa6 Bxa6 54. Be6 Kh6 55. Kg2 Bd3 56. f3 b5 57. Kg3 Bc4 58. Bd5 Kh5 59.
f4 exf4+ 60. Kxf4 Kxh4 61. Kf5 Bd3 62. Kxf6 Bxe4 63. Bxe4 1/2-1/2

[Event "XtraCon-Skakligaen"]
[Site "Denmark"]
[Date "2008.11.02"]
[Round "2.8"]
[White "Andersen, Peter Vestergaard"]
[Black "Hagen, Andreas Skytte"]
[Result "0-1"]
[WhiteElo "1865"]
[BlackElo "2260"]
[PlyCount "60"]
[EventDate "2008.11.01"]
[EventType "team-tourn"]
[EventRounds "9"]
[EventCountry "DEN"]
[WhiteTeam "Nordkalotten"]
[BlackTeam "Aarhus/Skolerne"]
[WhiteTeamCountry "DEN"]
[BlackTeamCountry "DEN"]

1. e4 e6 2. d4 d5 3. exd5 exd5 4. Bf4 Nf6 5. Nf3 Bd6 6. Bxd6 Qxd6 7. Nc3 O-O 8.
Be2 Ne4 9. Nxe4 dxe4 10. Ne5 Qb4+ 11. Qd2 Qxb2 12. O-O Nc6 13. Nxc6 bxc6 14.
Rfb1 Qa3 15. Rb3 Qd6 16. Re3 Bf5 17. Rd1 Bg6 18. Qa5 f5 19. Rb3 f4 20. Rb7 f3
21. Bc4+ Bf7 22. Bxf7+ Rxf7 23. Rxa7 Rxa7 24. Qxa7 Qg6 25. g3 Qf5 26. Qa8+ Rf8
27. Qa6 e3 28. Qc4+ Kh8 29. Kh1 Qh3 30. Qf1 e2 0-1

[Event "XtraCon-Skakligaen"]
[Site "Denmark"]
[Date "2008.11.02"]
[Round "2.1"]
[White "Rasmussen, Allan Stig"]
[Black "Hillarp Persson, Tiger"]
[Result "0-1"]
[WhiteElo "2501"]
[BlackElo "2543"]
[PlyCount "108"]
[EventDate "2008.11.01"]
[EventType "team-tourn"]
[EventRounds "9"]
[EventCountry "DEN"]
[WhiteTeam "Jetsmark"]
[BlackTeam "Bronshoj"]
[WhiteTeamCountry "DEN"]
[BlackTeamCountry "DEN"]

1. e4 c5 2. Nf3 d6 3. d4 cxd4 4. Nxd4 Nf6 5. Nc3 a6 6. Be3 e5 7. Nb3 Be6 8. f3
h5 9. Nd5 Bxd5 10. exd5 Nbd7 11. Qd2 Qc7 12. Na5 g6 13. Be2 Ng8 14. O-O-O Ne7
15. Kb1 Nf5 16. Bf2 Bh6 17. Qb4 Be3 18. Rhf1 Bxf2 19. Rxf2 Nc5 20. Nc4 b5 21.
Na5 Qb6 22. g4 hxg4 23. fxg4 Ne3 24. Rd2 f5 25. gxf5 gxf5 26. Bf3 f4 27. a3 Kd7
28. Rde2 Kc7 29. Re1 Nb7 30. Nc6 a5 31. Qd2 Nc4 32. Qe2 Qe3 33. Qf1 Qxf3 34.
Rxf3 Nd2+ 35. Kc1 Nxf1 36. Rexf1 Rxh2 37. Rg1 Nc5 38. b4 axb4 39. Rg7+ Kb6 40.
axb4 Rh1+ 41. Kd2 Rh2+ 42. Kc1 Rh1+ 43. Kd2 Ne4+ 44. Kd3 Nf6 45. Kd2 Nxd5 46.
Na5 Rh2+ 47. Kc1 Rc8 48. c4 Rxc4+ 49. Nxc4+ bxc4 50. Ra3 Nxb4 51. Rg6 Nd3+ 52.
Kd1 Kc5 53. Ra5+ Kb4 54. Ra6 c3 0-1

[Event "XtraCon-Skakligaen"]
[Site "Denmark"]
[Date "2008.11.02"]
[Round "2.2"]
[White "Hoi, Carsten"]
[Black "Pedersen, Christian Kyndel"]
[Result "1/2-1/2"]
[WhiteElo "2371"]
[BlackElo "2426"]
[PlyCount "106"]
[EventDate "2008.11.01"]
[EventType "team-tourn"]
[EventRounds "9"]
[EventCountry "DEN"]
[WhiteTeam "Bronshoj"]
[BlackTeam "Jetsmark"]
[WhiteTeamCountry "DEN"]
[BlackTeamCountry "DEN"]

1. d4 Nf6 2. Nf3 e6 3. e3 c5 4. Bd3 Nc6 5. O-O Be7 6. b3 O-O 7. Bb2 b6 8. a3
Bb7 9. Nbd2 Qc7 10. c4 cxd4 11. exd4 d5 12. Qe2 Rad8 13. Rac1 Qb8 14. c5 a5 15.
Ne5 bxc5 16. dxc5 Ne4 17. Bxe4 dxe4 18. Ndc4 Bxc5 19. Nxc6 Bxc6 20. Nxa5 Bb5
21. Qg4 Bd4 22. Bxd4 Rxd4 23. Rfd1 Qb6 24. Rxd4 Qxd4 25. Qd1 Bd3 26. Qd2 f5 27.
Nc6 Qd6 28. Nb4 Ra8 29. Qb2 h6 30. h3 Bb5 31. a4 Bd3 32. Qc3 Kh7 33. Rd1 Rd8
34. a5 Rd7 35. a6 Rc7 36. Qd2 Ra7 37. Qe3 Ra8 38. Nxd3 exd3 39. a7 Qa6 40. Qxd3
Qxd3 41. Rxd3 Rxa7 42. Re3 Ra1+ 43. Kh2 Ra6 44. b4 Kg6 45. f4 Kf6 46. b5 Rb6
47. Rb3 e5 48. fxe5+ Kxe5 49. Kg3 g5 50. Rb1 Kd4 51. h4 Kc4 52. hxg5 hxg5 53.
Rc1+ Kd4 1/2-1/2

[Event "XtraCon-Skakligaen"]
[Site "Denmark"]
[Date "2008.11.02"]
[Round "2.3"]
[White "Christensen, Stefan"]
[Black "Carstensen, Jacob"]
[Result "1-0"]
[WhiteElo "2319"]
[BlackElo "2298"]
[PlyCount "89"]
[EventDate "2008.11.01"]
[EventType "team-tourn"]
[EventRounds "9"]
[EventCountry "DEN"]
[WhiteTeam "Jetsmark"]
[BlackTeam "Bronshoj"]
[WhiteTeamCountry "DEN"]
[BlackTeamCountry "DEN"]

1. e4 c5 2. c3 Nf6 3. e5 Nd5 4. d4 d6 5. exd6 Qxd6 6. dxc5 Qxc5 7. c4 Nf6 8.
Nc3 Bg4 9. Qb3 Nc6 10. Be3 Qb4 11. Be2 a6 12. Nf3 Qxb3 13. axb3 Nb4 14. O-O-O
e6 15. h3 Bh5 16. g4 Bg6 17. Ne5 Nc6 18. Nxc6 bxc6 19. Bf3 Rc8 20. Na4 Ne4 21.
Rhe1 Bb4 22. Bxe4 Bxe4 23. Bd2 Bxd2+ 24. Rxd2 Bg6 25. Nc5 h5 26. g5 Bf5 27. h4
O-O 28. Rd6 a5 29. Nb7 c5 30. Nxa5 f6 31. gxf6 Rxf6 32. Nc6 Ra8 33. Rd8+ Rxd8
34. Nxd8 Bg4 35. Re5 Rf8 36. Nb7 Rxf2 37. Nxc5 Kf7 38. Ne4 Rh2 39. c5 Rxh4 40.
c6 Rh1+ 41. Kc2 Rh2+ 42. Kc3 Rh1 43. Kb4 Ke7 44. c7 Rc1 45. Nc5 1-0

[Event "XtraCon-Skakligaen"]
[Site "Denmark"]
[Date "2008.11.02"]
[Round "2.4"]
[White "Aabling Thomsen, Jakob"]
[Black "Helledie, Anders"]
[Result "1-0"]
[WhiteElo "2246"]
[BlackElo "2215"]
[PlyCount "69"]
[EventDate "2008.11.01"]
[EventType "team-tourn"]
[EventRounds "9"]
[EventCountry "DEN"]
[WhiteTeam "Bronshoj"]
[BlackTeam "Jetsmark"]
[WhiteTeamCountry "DEN"]
[BlackTeamCountry "DEN"]

1. e4 e6 2. d4 d5 3. Nc3 Nf6 4. Bd3 c5 5. dxc5 dxe4 6. Bb5+ Bd7 7. Bg5 Qa5 8.
Bxf6 gxf6 9. Bxd7+ Nxd7 10. Qd4 Bxc5 11. Qxe4 Qb6 12. O-O-O Bxf2 13. Nd5 Qc5
14. Nh3 O-O-O 15. Qf3 Bh4 16. Nc3 f5 17. Nf4 Bf6 18. Nfe2 Ne5 19. Qh5 Kb8 20.
Qh6 Qe7 21. Kb1 Bg5 22. Rxd8+ Qxd8 23. Qh3 Ng4 24. Rd1 Qc7 25. Nb5 Rd8 26. Rd3
Rxd3 27. cxd3 Qe5 28. Nbc3 Qxh2 29. Qf3 Ne5 30. Qf2 Nc6 31. Qc5 Qc7 32. Nb5 Qd8
33. Ned4 Ka8 34. Kc2 a6 35. Nxc6 1-0

[Event "XtraCon-Skakligaen"]
[Site "Denmark"]
[Date "2008.11.02"]
[Round "2.5"]
[White "Wiwe, Andreas"]
[Black "Palm, Nikolaj"]
[Result "1/2-1/2"]
[WhiteElo "2185"]
[BlackElo "2239"]
[PlyCount "100"]
[EventDate "2008.11.01"]
[EventType "team-tourn"]
[EventRounds "9"]
[EventCountry "DEN"]
[WhiteTeam "Jetsmark"]
[BlackTeam "Bronshoj"]
[WhiteTeamCountry "DEN"]
[BlackTeamCountry "DEN"]

1. e4 e5 2. Nf3 Nc6 3. Bb5 a6 4. Ba4 Nf6 5. O-O Be7 6. Re1 b5 7. Bb3 d6 8. c3
O-O 9. h3 Na5 10. Bc2 c5 11. d4 Qc7 12. Nbd2 Bb7 13. d5 g6 14. Nf1 Nh5 15. N1h2
Bf6 16. Ng4 Bg7 17. Nh4 Kh8 18. Nh6 Nf4 19. Ng4 Qe7 20. Nf3 Nc4 21. b3 Nb6 22.
Kh2 Bc8 23. Ne3 f5 24. c4 Bd7 25. Rb1 b4 26. Ng1 fxe4 27. Bxe4 Rf7 28. Nf3 Raf8
29. Nf1 Qd8 30. Be3 Nc8 31. Ng3 Bf6 32. a3 a5 33. axb4 axb4 34. Ra1 Rg8 35. Ra6
Be7 36. Qc2 Qf8 37. Ng1 Qh6 38. Rea1 Rgf8 39. f3 Qg7 40. Ra8 Rf6 41. N3e2 Rg8
42. Nxf4 exf4 43. Bc1 Rf7 44. Ne2 g5 45. Rb8 Bf6 46. Ra2 Be5 47. Bb2 Qf6 48.
Bxe5 Qxe5 49. Qb2 Qxb2 50. Rxb2 Kg7 1/2-1/2

[Event "XtraCon-Skakligaen"]
[Site "Denmark"]
[Date "2008.11.02"]
[Round "2.6"]
[White "Ligaard, Morten Lund"]
[Black "Rathlev, Jakob"]
[Result "1/2-1/2"]
[WhiteElo "2192"]
[BlackElo "2172"]
[PlyCount "89"]
[EventDate "2008.11.01"]
[EventType "team-tourn"]
[EventRounds "9"]
[EventCountry "DEN"]
[WhiteTeam "Bronshoj"]
[BlackTeam "Jetsmark"]
[WhiteTeamCountry "DEN"]
[BlackTeamCountry "DEN"]

1. d4 e6 2. g3 f5 3. Bg2 Nf6 4. Nf3 d5 5. O-O Bd6 6. c4 c6 7. b3 Qe7 8. a4 a5
9. Ba3 Nbd7 10. Qc1 O-O 11. Bxd6 Qxd6 12. Qa3 Qxa3 13. Rxa3 b6 14. Rc1 Ba6 15.
Nbd2 Rac8 16. Ra2 c5 17. Rac2 h6 18. e3 Rfd8 19. Bf1 Bb7 20. Bg2 Kf8 21. cxd5
Nxd5 22. Ne5 Nxe5 23. dxe5 Ba6 24. Bxd5 Rxd5 25. Nc4 Bxc4 26. bxc4 Rd3 27. Rb1
Rb8 28. Rcb2 Ra3 29. Rxb6 Rxb6 30. Rxb6 Rxa4 31. Rxe6 Rxc4 32. Ra6 a4 33. Kf1
Rb4 34. Ke2 Rb2+ 35. Kf3 Ke7 36. Rxa4 Ke6 37. e4 Rb3+ 38. Ke2 fxe4 39. Rxe4 Kd5
40. Rg4 g5 41. h4 Rb2+ 42. Ke3 Rb3+ 43. Kd2 Rb2+ 44. Kc3 Rxf2 45. hxg5 1/2-1/2

[Event "XtraCon-Skakligaen"]
[Site "Denmark"]
[Date "2008.11.02"]
[Round "2.7"]
[White "Rasmussen, Henning"]
[Black "Petersen, Steen"]
[Result "1-0"]
[WhiteElo "2104"]
[BlackElo "2135"]
[PlyCount "39"]
[EventDate "2008.11.01"]
[EventType "team-tourn"]
[EventRounds "9"]
[EventCountry "DEN"]
[WhiteTeam "Jetsmark"]
[BlackTeam "Bronshoj"]
[WhiteTeamCountry "DEN"]
[BlackTeamCountry "DEN"]

1. d4 Nf6 2. Nf3 e6 3. c4 b6 4. Nc3 Bb4 5. Qb3 c5 6. e3 Nc6 7. a3 Ba5 8. Bd3
O-O 9. O-O Bxc3 10. Qxc3 Qe7 11. b3 Rd8 12. Bb2 d6 13. d5 Nb8 14. dxe6 fxe6 15.
Ng5 e5 16. f4 Nc6 17. Rae1 h6 18. Ne4 Bf5 19. Nxf6+ Qxf6 20. fxe5 1-0

[Event "XtraCon-Skakligaen"]
[Site "Denmark"]
[Date "2008.11.02"]
[Round "2.8"]
[White "Paaske, Asger"]
[Black "Grubert, Christian"]
[Result "1/2-1/2"]
[WhiteElo "2094"]
[BlackElo "2009"]
[PlyCount "31"]
[EventDate "2008.11.01"]
[EventType "team-tourn"]
[EventRounds "9"]
[EventCountry "DEN"]
[WhiteTeam "Bronshoj"]
[BlackTeam "Jetsmark"]
[WhiteTeamCountry "DEN"]
[BlackTeamCountry "DEN"]

1. e4 c5 2. Nf3 g6 3. d4 cxd4 4. Nxd4 Bg7 5. c4 Nf6 6. Nc3 Nc6 7. Be3 Ng4 8.
Qxg4 Nxd4 9. Qd1 Ne6 10. Rc1 O-O 11. Qd2 Qa5 12. b3 b6 13. Nd5 Qxd2+ 14. Kxd2
Re8 15. f3 Bb7 16. Be2 1/2-1/2